[Event "International Championship of Central S"]
[Site "Paracin"]
[Date "2015.07.08"]
[Round "7.50"]
[White "Injac, Teodora"]
[Black "Naik, Rishubh Naresh"]
[Result "0-1"]
[WhiteElo "2165"]
[BlackElo "2007"]
[PlyCount "60"]
[EventDate "2015.07.03"]
[Source "Perpetual Check"]

1. Nf3 Nf6 2. c4 g6 3. Nc3 d5 4. cxd5 Nxd5 5. Qb3 Nb6 6. d4 Bg7 7. e4 O-O 8.
Be3 a5 9. a4 Na6 10. Rd1 h6 11. d5 Nd7 12. Bb5 Nb4 13. O-O c6 14. Be2 Qc7 15.
Rc1 Qb8 16. Rfd1 Kh7 17. Ne1 f5 18. exf5 gxf5 19. f4 c5 20. Nb5 b6 21. d6 exd6
22. Rxd6 Nf6 23. Bf3 Ne4 24. Rdd1 Bb7 25. Nc3 Qe8 26. Nb5 Qe7 27. Rb1 Rad8 28.
Qc4 Rfe8 29. Kh1 Rxd1 30. Rxd1 Nd2 0-1

[Event "International Championship of Central S"]
[Site "Paracin"]
[Date "2015.07.08"]
[Round "7.51"]
[White "Nikolovski, Nikola"]
[Black "Kucuksari, Kaan"]
[Result "1/2-1/2"]
[WhiteElo "2293"]
[BlackElo "1981"]
[PlyCount "95"]
[EventDate "2015.07.03"]
[Source "Perpetual Check"]

1. e4 c6 2. d4 d5 3. exd5 cxd5 4. Bd3 Nc6 5. c3 e5 6. dxe5 Nxe5 7. Qe2 Qe7 8.
Bb5+ Nc6 9. Bg5 Nf6 10. Bxf6 gxf6 11. Nd2 Bg4 12. Ngf3 Qxe2+ 13. Kxe2 O-O-O 14.
Rhe1 a6 15. Ba4 Ne5 16. h3 Bf5 17. Kf1 b5 18. Bd1 Nc4 19. b3 Nxd2+ 20. Nxd2 Ba3
21. Bg4 Bxg4 22. hxg4 Bb2 23. Rad1 Bxc3 24. Re7 Rhg8 25. Ke2 Rde8 26. Rxe8+
Rxe8+ 27. Kd3 Bxd2 28. Kxd2 Rg8 29. Ke3 Rxg4 30. Rxd5 Rxg2 31. Rh5 Rg7 32. Rh6
Kb7 33. Rxf6 h5 34. Rh6 Rg5 35. Rh7 Re5+ 36. Kf4 Re2 37. Rxf7+ Kb6 38. Kg5 Rxa2
39. b4 Kc6 40. Kxh5 Kd5 41. Rf4 Rc2 42. Kg5 Rc4 43. Rf6 Rxb4 44. Rxa6 Rb1 45.
f4 b4 46. Rb6 b3 47. f5 b2 48. Kf6 1/2-1/2

[Event "International Championship of Central S"]
[Site "Paracin"]
[Date "2015.07.08"]
[Round "7.52"]
[White "Markovic, Miroslav R"]
[Black "Aydincelebi, Kagan"]
[Result "1/2-1/2"]
[WhiteElo "2114"]
[BlackElo "1910"]
[PlyCount "100"]
[EventDate "2015.07.03"]
[Source "Perpetual Check"]

1. d4 Nf6 2. c4 c5 3. e3 g6 4. Nc3 Bg7 5. Nf3 O-O 6. Be2 cxd4 7. exd4 d5 8. c5
Nc6 9. h3 Ne4 10. O-O b6 11. Bb5 Nxc3 12. bxc3 Na5 13. cxb6 axb6 14. Qe2 Bd7
15. a4 Rc8 16. Ba3 Re8 17. Bb4 Bxb5 18. Qxb5 Nc4 19. Rfe1 e6 20. Re2 Bf8 21.
Bxf8 Rxf8 22. g3 Qc7 23. Rc1 Qc6 24. Qb3 Ra8 25. Ra2 Rfc8 26. h4 h5 27. Ng5 Nd6
28. Qb4 Nf5 29. Ra3 Qc4 30. Rb1 Rc6 31. Qxc4 Rxc4 32. Rxb6 Rcxa4 33. Rxa4 Rxa4
34. Rb8+ Kg7 35. Rb7 Rc4 36. Nxf7 Rxc3 37. Ng5+ Kg8 38. Nxe6 Rc6 39. Rb8+ Kh7
40. Ng5+ Kg7 41. Re8 Rd6 42. Re6 Rxe6 43. Nxe6+ Kf7 44. Nf4 Nxd4 45. Nxd5 Kg7
46. Kg2 Kf7 47. Ne3 Ke6 48. f3 Kf6 49. Kf2 Ne6 50. Ng2 Nd4 1/2-1/2

[Event "International Championship of Central S"]
[Site "Paracin"]
[Date "2015.07.08"]
[Round "7.53"]
[White "Vassilev, Martin"]
[Black "Konstantinov, Aleksandar"]
[Result "1/2-1/2"]
[WhiteElo "2030"]
[BlackElo "2046"]
[PlyCount "71"]
[EventDate "2015.07.03"]
[Source "Perpetual Check"]

1. d4 f5 2. Nf3 Nf6 3. h3 d6 4. Bf4 g6 5. e3 Bg7 6. c4 O-O 7. Nc3 e6 8. Qb3 Qe7
9. Be2 Kh8 10. O-O-O Ne4 11. Nxe4 fxe4 12. Nd2 e5 13. dxe5 Bxe5 14. Bxe5+ Qxe5
15. Rhf1 Nd7 16. Qc2 Re8 17. Nb3 Nf6 18. Nd4 Bd7 19. Qb3 Rab8 20. Nb5 Bxb5 21.
Qxb5 a6 22. Qb3 b5 23. cxb5 axb5 24. g4 d5 25. h4 c5 26. g5 c4 27. Qc3 Nd7 28.
Rxd5 Qxc3+ 29. bxc3 Ne5 30. h5 Nd3+ 31. Bxd3 cxd3 32. hxg6 hxg6 33. Rh1+ Kg8
34. Rh6 Rb6 35. Rd7 Rc8 36. Rhh7 1/2-1/2

[Event "International Championship of Central S"]
[Site "Paracin"]
[Date "2015.07.08"]
[Round "7.54"]
[White "Martynov, Petr"]
[Black "Lazov, Toni"]
[Result "0-1"]
[WhiteElo "1932"]
[BlackElo "2141"]
[PlyCount "80"]
[EventDate "2015.07.03"]
[Source "Perpetual Check"]

1. e4 c5 2. c3 d6 3. d4 Qc7 4. h3 Nf6 5. Bd3 Nbd7 6. Nf3 e5 7. O-O Be7 8. Re1
O-O 9. Nbd2 Re8 10. Nf1 Bf8 11. Ne3 exd4 12. cxd4 cxd4 13. Nxd4 Nc5 14. f3 Nxd3
15. Qxd3 d5 16. exd5 Nxd5 17. Qb5 Nf6 18. Qg5 Qc5 19. Qxc5 Bxc5 20. Ndc2 Be6
21. Bd2 Rad8 22. Bb4 Bb6 23. Kh1 Nh5 24. b3 Nf4 25. Bc3 Nd3 26. Re2 Nf4 27.
Ree1 h5 28. Rad1 Rxd1 29. Rxd1 Bxe3 30. Nxe3 Bxb3 31. axb3 Rxe3 32. Rd8+ Kh7
33. Bd2 Rd3 34. Rxd3 Nxd3 35. Be3 b6 36. h4 Kg6 37. Kh2 Kf5 38. Bd4 g6 39. Kg3
Nc1 40. Be3 Nxb3 0-1

[Event "International Championship of Central Se"]
[Site "Paracin"]
[Date "2015.07.08"]
[Round "7.55"]
[White "Djokic, Slavoljub"]
[Black "Ludvigsen, Frode"]
[Result "1-0"]
[WhiteElo "2141"]
[BlackElo "2085"]
[PlyCount "62"]
[EventDate "2015.07.03"]

1. c4 e6 2. Nc3 b6 3. Nf3 Bb7 4. g3 f5 5. Bg2 Nf6 6. O-O Bb4 7. Qb3 a5 8. a3
Be7 9. d3 O-O 10. Bg5 Na6 11. Rac1 h6 12. Bxf6 Bxf6 13. Rfd1 g5 14. d4 g4 15.
Ne1 Bxg2 16. Nxg2 Bg5 17. e3 Qf6 18. Qa4 d6 19. Qc6 Rac8 20. b4 axb4 21. axb4
Nb8 22. Qb5 Qg7 23. Ra1 Nd7 24. Ra7 Nf6 25. Qc6 Rfe8 26. f4 gxf3 27. Qxf3 Ng4
28. Nb5 Re7 29. h4 Bf6 30. d5 e5 31. Qxf5 Rf8 1-0

[Event "International Championship of Central Se"]
[Site "Paracin"]
[Date "2015.07.08"]
[Round "7.56"]
[White "Djordjevic, Gradimir"]
[Black "Perovic, Zivojin"]
[Result "1/2-1/2"]
[WhiteElo "2111"]
[BlackElo "2042"]
[PlyCount "77"]
[EventDate "2015.07.03"]

1. c4 Nf6 2. Nc3 g6 3. g3 Bg7 4. Bg2 O-O 5. e3 d6 6. Nge2 c5 7. O-O Nc6 8. h3
Be6 9. b3 d5 10. d3 dxc4 11. dxc4 Qc8 12. Kh2 Rd8 13. Qc2 Nb4 14. Qb1 Nd3 15.
Bb2 Bf5 16. g4 Bxg4 17. hxg4 Nxg4+ 18. Kg1 Qc7 19. f4 Nxb2 20. Qxb2 Nxe3 21.
Rf3 Nxg2 22. Kxg2 Qd7 23. Raf1 e6 24. Qb1 f5 25. Rd1 Qc6 26. Kf2 Bf6 27. Rfd3
Rxd3 28. Rxd3 Kf7 29. Qd1 Ke7 30. Nb1 h5 31. Nd2 h4 32. Nf3 Rg8 33. Neg1 Qc7
34. Nh3 g5 35. Nfxg5 Bd4+ 36. Kg2 e5 37. Qh5 Rg7 38. Kh2 exf4 39. Rf3 1/2-1/2